The age and construction of English homes (Record no. 115454)
[ view plain ]
| 000 -LEADER | |
|---|---|
| fixed length control field | 01875cam a22003015a 4500 |
| 001 - CONTROL NUMBER | |
| control field | L158685 |
| 008 - FIXED-LENGTH DATA ELEMENTS--GENERAL INFORMATION | |
| fixed length control field | 150617s2014 xxk f 000 0 eng d |
| 020 ## - INTERNATIONAL STANDARD BOOK NUMBER | |
| International Standard Book Number | 9781848063617 |
| 035 ## - SYSTEM CONTROL NUMBER | |
| System control number | (Sirsi) u158685 |
| 041 0# - LANGUAGE CODE | |
| Language code of text/sound track or separate title | eng |
| 050 04 - LIBRARY OF CONGRESS CALL NUMBER | |
| Classification number | 728.0942 $2 18 |
| 100 1# - MAIN ENTRY--PERSONAL NAME | |
| Personal name | Nicol, Simon |
| 245 04 - TITLE STATEMENT | |
| Title | The age and construction of English homes |
| Remainder of title | A guide to ageing the English housing stock |
| 260 ## - PUBLICATION, DISTRIBUTION, ETC. | |
| Place of publication, distribution, etc. | Bracknell |
| Name of publisher, distributor, etc. | IHS |
| Date of publication, distribution, etc. | 2014 |
| 300 ## - PHYSICAL DESCRIPTION | |
| Extent | iv, 141p. ; 24cm |
| 520 ## - SUMMARY, ETC. | |
| Summary, etc. | Looks at dating the age and construction of English housing through the extensive use of photographs and illustrations. Part 1 sets out different age bands from pre-1850 to the present day and defines the different types of houses such as detached, semi-detached and terraced. Part 2 considers factors which can be used to date a house including dwelling size, tenure, construction type, condition and location. Part 3 considers a number of factors which can help with the dating a property including construction materials, street patterns and plot sizes and local knowledge of the area. Part 4 comprises of an illustrated guide which breaks down the construction of housing into different periods starting with Pre-1850 (Historic), 1850 - 1899 (Victorian), 1900 - 1918 (Edwardian), 1919 - 1944 (Interwar), 1945 - 1964 (Early post war), 1965 - 1980 (Late post war), 1981 - 2002 (Modern) and 2003 - 2010 (New). Appendix includes a guide to dating building elements. Concludes with a glossary of architectural terms. Statistical data is taken from the English Housing Survey. |
| 590 ## - LOCAL NOTE (RLIN) | |
| Local note | KA |
| 650 24 - SUBJECT ADDED ENTRY--TOPICAL TERM | |
| Topical term or geographic name entry element | DATING |
| 650 24 - SUBJECT ADDED ENTRY--TOPICAL TERM | |
| Topical term or geographic name entry element | AGE |
| 650 24 - SUBJECT ADDED ENTRY--TOPICAL TERM | |
| Topical term or geographic name entry element | ENGLISH HOUSING SURVEY |
| 651 #4 - SUBJECT ADDED ENTRY--GEOGRAPHIC NAME | |
| Geographic name | England |
| 690 ## - LOCAL SUBJECT ADDED ENTRY--TOPICAL TERM (OCLC, RLIN) | |
| Topical term or geographic name as entry element | Conservation and restoration |
| 690 ## - LOCAL SUBJECT ADDED ENTRY--TOPICAL TERM (OCLC, RLIN) | |
| Topical term or geographic name as entry element | Building materials and defects |
| 690 ## - LOCAL SUBJECT ADDED ENTRY--TOPICAL TERM (OCLC, RLIN) | |
| Topical term or geographic name as entry element | Residential property |
| 9 (RLIN) | 6266 |
| 700 1# - ADDED ENTRY--PERSONAL NAME | |
| Personal name | Beer, Chris |
| 700 1# - ADDED ENTRY--PERSONAL NAME | |
| Personal name | Scott, Chris |
| 942 ## - ADDED ENTRY ELEMENTS (KOHA) | |
| Suppress in OPAC | 0 |
| Withdrawn status | Lost status | Source of classification or shelving scheme | Damaged status | Not for loan | Home library | Current library | Shelving location | Date acquired | Total Checkouts | Full call number | Barcode | Date last seen | Copy number | Price effective from | Koha item type |
|---|---|---|---|---|---|---|---|---|---|---|---|---|---|---|---|
| Dewey Decimal Classification | London | London | Books | 17/06/2015 | 728.0942 NIC | 30078980 | 06/08/2019 | 1 | 06/08/2019 | Book |